000 00783cam a2200277 a 4500
999 _c5355
_d5355
001 5355
003 BD-JhCC
005 20171213123925.0
008 830516s1984 maua b 001 0 eng
020 _a0534028330
035 _a(BD-JhCC)5355
040 _aDLC
_cDLC
_dDLC
041 _aeng
050 0 0 _aSB611
_b.A4 1984
082 0 0 _a632/.58
_219
_bALD 1984
100 1 _aAldrich, R. J.
_q(Richard J.),
_d1925-
245 1 0 _aWeed-crop ecology :
_bprinciples in weed management /
_cR.J. Aldrich.
260 _aN. Scituate, Mass. :
_bBreton Publishers,
_cc1984.
300 _axiii, 465 p. :
_bill. ;
_c24 cm.
504 _aIncludes bibliographies and index.
650 0 _aWeeds
_xControl.
650 0 _aWeeds.
650 0 _aWeeds
_xEcology.
942 _2ddc
_cBK